Surrealistas antes del surrealismo: la fantasía y lo fantástico en la estampa, el dibujo y la fotografía
محفوظ في:
| المؤلف الرئيسي: | |
|---|---|
| التنسيق: | كتاب |
| اللغة: | الإسبانية |
| منشور في: |
Madrid
Fundación Juan March
2013
|
| الطبعة: | 1a. ed |
| الموضوعات: | |
| الوسوم: |
إضافة وسم
لا توجد وسوم, كن أول من يضع وسما على هذه التسجيلة!
|
MARC
| LEADER | 00000cam a2200000 a 4500 | ||
|---|---|---|---|
| 001 | UCE2124 | ||
| 003 | CL-VaPUC | ||
| 008 | 140612e20130000sp |||||||||||||||||spa|d | ||
| 020 | |a 9788470756146 | ||
| 082 | 0 | 4 | |a 709.04063 |b DOO |2 21 |
| 100 | 0 | |a Doosry, Yasmin |e author |9 574594 | |
| 245 | 1 | 0 | |a Surrealistas antes del surrealismo: la fantasía y lo fantástico en la estampa, el dibujo y la fotografía |
| 250 | |a 1a. ed | ||
| 300 | |a 343 p | ||
| 942 | |c BK | ||
| 945 | |d 20140612 14:07:00 |a dcastane | ||
| 260 | |a Madrid |b Fundación Juan March |c 2013 | ||
| 650 | 0 | |a Surrealismo en el arte |9 421960 | |
| 650 | 0 | |a Pintores surrealistas |9 444312 | |
| 650 | 0 | |a Esculturas |9 344688 | |
| 650 | 0 | |a Cine |9 225706 | |
| 583 | |a last modification |c 20140612 14:07:00 |k Rodrigo Vera | ||
| 999 | |c 355787 |d 355785 | ||
| 952 | |0 0 |1 0 |2 ddc |3 erd |4 0 |6 709_040630000000000_DOO_2013 |7 0 |8 A |9 462645 |a BIBART |b BIBART |i 5082366 |l 3 |o 709.04063 DOO 2013 |p 5082366 |r 2025-03-13 |s 2022-06-28 |w 2019-11-23 |y BK |z Catalogado en:20140612 |k ART | ||